| 000 | 00530nam a2200181Ia 4500 | ||
|---|---|---|---|
| 008 | 100920s9999 xx 000 0 und d | ||
| 082 |
_b515 _a891.463.1 थ 63 |
||
| 100 | _aगोखले अरविंद. | ||
| 245 | _aवेगळी. | ||
| 260 |
_bमनोरंजन प्रकाशन ,मुंबई 7. _c1963 |
||
| 300 |
_a152 _bसाधी |
||
| 365 | _b4 | ||
| 520 | _aलघुकथा. | ||
| 630 | _aवेगळी. | ||
| 650 | _aलघुकथा. | ||
| 730 | _aवेगळी. | ||
| 942 | _cBOOK | ||
| 999 |
_c671480 _d671477 |
||